Глинистые минералы как индикаторы условий осадконакопления; Современные проблемы седиментологии в нефтегазовом инжиниринге

Bibliografiske detaljer
Parent link:Современные проблемы седиментологии в нефтегазовом инжиниринге.— 2017.— [С. 278-283]
Hovedforfatter: Шатова М. Н.
Institution som forfatter: Национальный исследовательский Томский политехнический университет (ТПУ) Институт природных ресурсов (ИПР)
Andre forfattere: Коровкин М. В. Михаил Владимирович
Summary:Заглавие с экрана
Статья посвящена определению сложного минерального состава палеозойских отложений Калинового нефтегазоконденсатного методом инфракрасной спектроскопии с целью установления условий осадконакопления. Исследованы образцы керна одной из скважин данного месторождения. Полученные результаты сопоставлены с результатами работы отечественных и зарубежных исследователей. Предполагается, что в исследуемых образцах содержится минерал, относящийся к группе монтмориллонита.
Sprog:russisk
Udgivet: 2017
Serier:Методология исследований
Fag:
Online adgang:http://earchive.tpu.ru/handle/11683/43075
Format: MixedMaterials Electronisk Book Chapter
KOHA link:https://koha.lib.tpu.ru/cgi-bin/koha/opac-detail.pl?biblionumber=623820

MARC

LEADER 00000naa2a2200000 4500
001 623820
005 20240214111324.0
035 |a (RuTPU)RU\TPU\conf\22913 
035 |a RU\TPU\conf\22912 
090 |a 623820 
100 |a 20170921d2017 k y0rusy50 ca 
101 0 |a rus 
102 |a RU 
105 |a y z 101zy 
135 |a drcn ---uucaa 
181 0 |a i  
182 0 |a b 
200 1 |a Глинистые минералы как индикаторы условий осадконакопления  |f М. Н. Шатова, М. В. Коровкин 
203 |a Текст  |c электронный 
225 1 |a Методология исследований 
300 |a Заглавие с экрана 
320 |a [Библиогр.: с. 282-283 (19 назв.)] 
330 |a Статья посвящена определению сложного минерального состава палеозойских отложений Калинового нефтегазоконденсатного методом инфракрасной спектроскопии с целью установления условий осадконакопления. Исследованы образцы керна одной из скважин данного месторождения. Полученные результаты сопоставлены с результатами работы отечественных и зарубежных исследователей. Предполагается, что в исследуемых образцах содержится минерал, относящийся к группе монтмориллонита. 
463 0 |0 (RuTPU)RU\TPU\conf\22907  |t Современные проблемы седиментологии в нефтегазовом инжиниринге  |o труды III Всероссийского научно‐практическогоседиментологического совещания, 10-12 апреля 2017 г., г. Томск  |f Национальный исследовательский Томский политехнический университет (ТПУ), Институт природных ресурсов (ИПР) ; гл. ред. О. С. Чернова  |v [С. 278-283]  |d 2017 
610 1 |a труды учёных ТПУ 
610 1 |a электронный ресурс 
610 1 |a глинистые минералы 
610 1 |a инфракрасная спектроскопия 
610 1 |a осадконакопление 
610 1 |a минеральный состав 
610 1 |a Калиновое нефтегазоконденсатное месторождение 
610 1 |a нефти 
610 1 |a газы 
700 1 |a Шатова  |b М. Н. 
701 1 |a Коровкин  |b М. В.  |c геофизик  |c профессор Томского политехнического университета, доктор физико-математических наук  |c главный эксперт центра качества Томского технологического института  |f 1952-  |g Михаил Владимирович  |3 (RuTPU)RU\TPU\pers\26067  |9 11905 
712 0 2 |a Национальный исследовательский Томский политехнический университет (ТПУ)  |b Институт природных ресурсов (ИПР)  |3 (RuTPU)RU\TPU\col\16389 
801 2 |a RU  |b 63413507  |c 20180629  |g RCR 
856 4 |u http://earchive.tpu.ru/handle/11683/43075 
942 |c BK